| 000 | 00634pam a2200205 a 4500 | ||
|---|---|---|---|
| 001 | 4926729 | ||
| 005 | 20250429125436.0 | ||
| 008 | 950829s1996 njua b 001 0 eng | ||
| 020 | _a0133962687 | ||
| 050 | 0 | 0 |
_aHD30.213 _b.S68 1996 |
| 082 | 0 | 0 |
_a658.4/038 _220 |
| 100 | 1 | _aSprague, Ralph H. | |
| 245 | 1 | 0 |
_aDecision support for management / _cRalph H. Sprague, Jr., Hugh J. Watson. |
| 260 |
_aUpper Saddle River, N.J. : _bPrentice-Hall, _cc1996. |
||
| 300 |
_axiv, 490 p. : _bill. ; _c24 cm. |
||
| 650 | 0 | _aDecision support systems. | |
| 650 | 0 | _aManagement information systems. | |
| 700 | 1 | _aWatson, Hugh J. | |
| 942 |
_2lcc _cBK _n0 |
||
| 999 |
_c5594 _d5594 |
||